<?xml version="1.0" encoding="UTF-8"?>
<marc:record xmlns:marc="http://www.loc.gov/MARC21/slim">
   <marc:leader>00000nam a2200000 a 4500</marc:leader>
   <marc:datafield ind1="1" ind2=" " tag="100">
      <marc:subfield code="a">Pressler, Mirjam</marc:subfield>
      <marc:subfield code="4">aut</marc:subfield>
      <marc:subfield code="e">Verfasser/-in</marc:subfield>
   </marc:datafield>
   <marc:datafield ind1="0" ind2="0" tag="245">
      <marc:subfield code="a">Stolperschritte</marc:subfield>
   </marc:datafield>
   <marc:datafield ind1="0" ind2="0" tag="245">
      <marc:subfield code="c">Mirjam Pressler</marc:subfield>
   </marc:datafield>
   <marc:datafield ind1=" " ind2="1" tag="264">
      <marc:subfield code="a">Ravensburg</marc:subfield>
      <marc:subfield code="b">Ravensburger Buchverl. Maier</marc:subfield>
      <marc:subfield code="c">1997</marc:subfield>
   </marc:datafield>
   <marc:datafield ind1=" " ind2=" " tag="250">
      <marc:subfield code="a">Lizenzausgabe</marc:subfield>
   </marc:datafield>
   <marc:datafield ind1="1" ind2=" " tag="520">
      <marc:subfield code="a">Zutiefst aufrüttelnd ist die Geschichte des 15-jährigen Thomas. Da er gehbehindert ist und auf seine Umwelt angewiesen, leidet er besonders unter der zerrütteten Beziehung seiner Eltern. Die Mutter gibt ihre Verbitterung an die Kinder weiter, besonders an Thomas und den jüngeren Bruder Frieder. Der Vater lebt mit einer anderen Frau zusammen und ist für Thomas nicht greifbar. Die Gedanken von Thomas kreisen unaufhörlich um seine Behinderung; er merkt zwar, dass Frieder sich immer mehr zurückzieht, doch erst der Selbstmord des Bruders reißt ihn aus seiner Introvertiertheit. Susi, ein Mädchen aus seiner Klasse, hat dann den Mut, Thomas vorsichtig und einfühlsam von der Vorstellung abzubringen, die Mutter wäre allein schuld an Frieders Tod. Thomas beginnt sich selbst zu hinterfragen und kommt langsam mit seiner Mutter ins Gespräch &#x96; mit &#x84;Stolperschritten&#x93;.</marc:subfield>
   </marc:datafield>
   <marc:datafield ind1=" " ind2=" " tag="020">
      <marc:subfield code="a">9783473580064</marc:subfield>
      <marc:subfield code="9">9783473580064</marc:subfield>
   </marc:datafield>
   <marc:datafield ind1=" " ind2=" " tag="020">
      <marc:subfield code="a">3473580066</marc:subfield>
      <marc:subfield code="9">3473580066</marc:subfield>
   </marc:datafield>
   <marc:datafield ind1="0" ind2=" " tag="490">
      <marc:subfield code="v">0</marc:subfield>
   </marc:datafield>
   <marc:datafield ind1=" " ind2=" " tag="300">
      <marc:subfield code="a">120 S.</marc:subfield>
   </marc:datafield>
</marc:record>
